000
00326nam a2200133Ia 4500
008
240624s9999 xx 000 0 und d
041
_a
eng
082
_a
657 REI
100
_a
REIMERS JANE
245
_a
FINANCIAL ACCOUNTING
260
_c
2007
_a
New Delhi
_b
Pearson Education
300
_a
814 : p. : cm. ; 28
365
_c
RS
_b
36
999
_c
5650
_d
5650